| 000 | 00666nam a2200217 a 4500 | ||
|---|---|---|---|
| 005 | 20210223132935.0 | ||
| 008 | 160530s2015 mx r 000 0 spa d | ||
| 020 | _a9786074954463 | ||
| 035 | _aUPN01000210836 | ||
| 049 | _aCG | ||
| 050 | 4 |
_aKGF250 _bC8.2 |
|
| 245 | 0 | 0 |
_aCuadernos de derecho notarial / _ccoord. Isidro Muñoz Rivera. |
| 260 |
_aToluca : _bGobierno del Estado de México : _bFOEM, _c2015. |
||
| 300 |
_a266 p. : _bcuadros |
||
| 440 | 0 |
_aAdministración pública. _pDivulgación |
|
| 650 | 4 |
_aNOTARIOS - _zMEXICO _925293 |
|
| 650 | 4 |
_aDERECHO NOTARIAL _925294 |
|
| 700 | 1 |
_aMuñoz Rivera, Isidro, _ecoord. |
|
| 905 | _aLibro | ||
| 999 |
_c182937 _d182937 |
||